<?xml version="1.0" encoding="UTF-8"?>
<record
    xmlns:xsi="http://www.w3.org/2001/XMLSchema-instance"
    xsi:schemaLocation="http://www.loc.gov/MARC21/slim http://www.loc.gov/standards/marcxml/schema/MARC21slim.xsd"
    xmlns="http://www.loc.gov/MARC21/slim">

  <leader>01138nam0a2200301   4500</leader>
  <controlfield tag="001">RU\NLR\ONL2\17361</controlfield>
  <controlfield tag="005">20260406072800.0</controlfield>
  <datafield tag="010" ind1=" " ind2=" ">
    <subfield code="a">978-5-295-04956-9</subfield>
    <subfield code="9">7460</subfield>
  </datafield>
  <datafield tag="035" ind1=" " ind2=" ">
    <subfield code="a">(NLR Aleph) 009664946</subfield>
  </datafield>
  <datafield tag="090" ind1=" " ind2=" ">
    <subfield code="a">9632174</subfield>
    <subfield code="c">9632174</subfield>
  </datafield>
  <datafield tag="100" ind1=" " ind2=" ">
    <subfield code="a">20071015d2009    |||y0rusy50      ca</subfield>
  </datafield>
  <datafield tag="101" ind1="0" ind2=" ">
    <subfield code="a">bak</subfield>
  </datafield>
  <datafield tag="102" ind1=" " ind2=" ">
    <subfield code="a">RU</subfield>
  </datafield>
  <datafield tag="105" ind1=" " ind2=" ">
    <subfield code="a">y |||||||||</subfield>
  </datafield>
  <datafield tag="200" ind1="1" ind2=" ">
    <subfield code="a">&#x41A;&#x43B;&#x430;&#x441;&#x442;&#x430;&#x43D; &#x442;&#x44B;&#x448; &#x443;k&#x44B;&#x443; &#x43A;&#x438;&#x442;&#x430;&#x431;&#x44B;</subfield>
    <subfield code="e">&#x443;&#x440;&#x442;&#x430; &#x43C;&#x44D;&#x43A;&#x442;. 8-&#x441;&#x435; &#x43A;&#x43B;. &#x443;k&#x44B;&#x443;&#x441;&#x44B;&#x43B;&#x430;&#x440;&#x44B; &#x4E9;&#x441;&#x4E9;&#x43D;</subfield>
    <subfield code="f">[&#x430;&#x432;&#x442;.-&#x442;&#x4E9;&#x437;. F. &#x411;. &#x425;&#x4E9;&#x441;&#x44D;&#x439;&#x435;&#x43D;&#x43E;&#x432;, &#x412;. &#x423;. &#x421;&#x430;&#x444;&#x438;&#x43D;&#x430;]</subfield>
  </datafield>
  <datafield tag="210" ind1=" " ind2=" ">
    <subfield code="a">&#x4E8;&#x444;&#x4E9;</subfield>
    <subfield code="c">&#x41A;&#x438;&#x442;&#x430;&#x43F;</subfield>
    <subfield code="d">2009</subfield>
  </datafield>
  <datafield tag="215" ind1=" " ind2=" ">
    <subfield code="a">181,[2] &#x431;.</subfield>
    <subfield code="d">22</subfield>
  </datafield>
  <datafield tag="541" ind1="1" ind2=" ">
    <subfield code="a">&#x41A;&#x43D;&#x438;&#x433;&#x430; &#x434;&#x43B;&#x44F; &#x432;&#x43D;&#x435;&#x43A;&#x43B;&#x430;&#x441;&#x441;&#x43D;&#x43E;&#x433;&#x43E; &#x447;&#x442;&#x435;&#x43D;&#x438;&#x44F;</subfield>
    <subfield code="e">8 &#x43A;&#x43B;.</subfield>
    <subfield code="z">rus</subfield>
  </datafield>
  <datafield tag="606" ind1="0" ind2=" ">
    <subfield code="a">&#x411;&#x430;&#x448;&#x43A;&#x438;&#x440;&#x441;&#x43A;&#x430;&#x44F; &#x43B;&#x438;&#x442;&#x435;&#x440;&#x430;&#x442;&#x443;&#x440;&#x430;</subfield>
    <subfield code="9">1114058</subfield>
    <subfield code="3">RU\NLR\auth\66120783</subfield>
  </datafield>
  <datafield tag="686" ind1="1" ind2=" ">
    <subfield code="a">&#x428;5(2=&#x411;&#x430;&#x448;) &#x44F;72</subfield>
  </datafield>
  <datafield tag="702" ind1=" " ind2="1">
    <subfield code="4">220</subfield>
    <subfield code="8">bak</subfield>
    <subfield code="7">ca</subfield>
    <subfield code="a">&#x425;&#x4E9;&#x441;&#x44D;&#x439;&#x435;&#x43D;&#x43E;&#x432;</subfield>
    <subfield code="b">F.&#x411;.</subfield>
    <subfield code="f">1928-</subfield>
    <subfield code="g">F&#x430;&#x439;&#x441;&#x430; &#x411;&#x430;&#x442;&#x44B;&#x440;&#x433;&#x44D;&#x440;&#x44D;&#x439; &#x443;&#x43B;&#x44B;</subfield>
    <subfield code="3">RU\NLR\auth-onl\77512</subfield>
    <subfield code="9">130568</subfield>
  </datafield>
  <datafield tag="801" ind1=" " ind2="0">
    <subfield code="a">RU</subfield>
    <subfield code="b">NLR</subfield>
    <subfield code="c">20100415</subfield>
    <subfield code="g">PSBO</subfield>
  </datafield>
  <datafield tag="852" ind1=" " ind2=" ">
    <subfield code="a">NLR</subfield>
    <subfield code="b">&#x41E;&#x41D;&#x41B;</subfield>
    <subfield code="j">&#x411;&#x430;&#x448;&#x43A;./3-5206</subfield>
  </datafield>
  <datafield tag="942" ind1=" " ind2=" ">
    <subfield code="c">BOOK</subfield>
  </datafield>
  <datafield tag="980" ind1=" " ind2=" ">
    <subfield code="a">NB</subfield>
  </datafield>
  <datafield tag="980" ind1=" " ind2=" ">
    <subfield code="a">ONL_RF</subfield>
  </datafield>
  <datafield tag="995" ind1=" " ind2=" ">
    <subfield code="5">2013-10-26</subfield>
    <subfield code="b">NLR01</subfield>
    <subfield code="c">NLR01</subfield>
    <subfield code="e">ONL</subfield>
    <subfield code="f">9664946-10</subfield>
    <subfield code="k">&#x411;&#x430;&#x448;&#x43A;./3-5206</subfield>
    <subfield code="o">0</subfield>
    <subfield code="r">BOOK</subfield>
    <subfield code="s">35206_</subfield>
  </datafield>
</record>
